000
00285nam a2200121Ia 4500
008
190216s9999||||xx |||||||||||||| ||und||
100
_a
Apostol
245
0
_a
Mathematical Analysis;
260
_b
Addison-Wesley Pbl: Co:
_c
1974
300
_a
492p
650
_a
Mathematics
942
_c
BK
999
_c
30606
_d
30606